000 00466nam a2200169 a 4500
001 2291
003 CO-ViMGA
008 141112s2004 ck r 000 u spa d
040 _aCO-ViMGA
_bspa
_cCO-ViMGA
082 0 4 _aROGt
100 1 _aRogers, Paul
_951086
245 1 0 _aTe atreverías a...? /
_cRogers Paul , Rogers Emma , Holleyman Sonia
260 _aBarcelona :
_bEl arca,
_c1994
300 _a34 p : il
650 1 4 _aCUENTOS INFANTILES
_92743
942 _2ddc
_cBK
999 _c14394
_d14394